000 00525nam a2200193Ia 4500
005 20250326142624.0
008 250326s9999 xx 000 0 und d
037 _aTextbook
040 _aFMSL
_beng
_cFMSL
041 _aeng
_2eng
084 _aX:8D.1 N2;7
_qFMSL
100 _aShapiro A C
_9738109
245 0 _aMultinational ficial management
_cShapiro A C
250 _a4
260 _aBostan
_bBostan, Allyn and Bacon
_c1992
300 _a748p
942 _cTB
_hX:8D.1 N2;7
999 _c1295877
_d1295877